| 000 | 00581nam a2200181Ia 4500 | ||
|---|---|---|---|
| 003 | GCL | ||
| 008 | 140319s9999 xx 000 0 ara d | ||
| 040 |
_aGCL / _cGCL |
||
| 082 | 0 | 4 |
_aافلام ت _b9 |
| 100 | 1 | _aاحمد راشد | |
| 245 | 1 | 0 |
_aالاثار الاسلامية حول الازهر (20 دقيقة ) / _cاحمد راشد |
| 700 | 1 | _aمحمود عبدالسميع (مصور) | |
| 260 |
_a[S.N] : _bالمركز القومى للسينما ، _c1982 |
||
| 490 | _a | ||
| 650 | 0 | 4 | _aشرائط فيديو |
| 650 | 0 | 4 | _aافلام تسجيلية |
| 942 |
_2ddc _cBK |
||
| 999 |
_c33741 _d33741 |
||